Score 0/30 Timer 04:00
2 Plays Today
% Correct
Daffy Duck
94.7%
Ducks
92.9%
Dune
90.9%
The Doors
90.5%
Dark Shadows
88.9%
Dexter
87.9%
Dili
86.7%
Dallas
85.7%
The Dixie Chicks
84.4%
Devils
82.5%
Dawson's Creek
77.3%
Don Quixote
75.7%
Deep Purple
73.7%
Duran Duran
73.3%
Dolphins
72.6%
% Correct
Deputy Dawg
71.9%
Droopy Dog
71.4%
Dodgers
71.2%
Dora the Explorer
70.2%
Dynasty
67.5%
Depeche Mode
63.9%
Dhaka
62.1%
Dublin
61.8%
David Copperfield
59.3%
Dracula
58.3%
Dakar
58.3%
Damascus
44.9%
The Day of the Locust
41.9%
Diamondbacks
38.3%
Desperate Housewives
21.2%

You're not logged in!

Compare scores with friends on all Sporcle quizzes.
OR
Log In

Sporcle TV

Today on Sporcle TV


Watch our educational content, quiz creation guides, and fun videos on Sporcle TV.

Show Comments

Extras

Top Quizzes Today


Score Distribution

Paid Content

Your Account Isn't Verified!

In order to create a playlist on Sporcle, you need to verify the email address you used during registration. Go to your Sporcle Settings to finish the process.

Report this User

Report this user for behavior that violates our Community Guidelines.

Details: